000 00696nam a22001937a 4500
999 _c189725
_d189725
005 20220711165206.0
010 _aUR-11642
020 _a9789393785404
_c550.00
035 _aU-10197
037 _bDBAD/PUB
_a-
082 _a070
100 _aہاشمی ، شاہ نواز
245 _aاردو صحا فت :
_bحقا یق ، روایت اور امکانات /
_cشاہنواز ہاشمی
246 _aUrdu Sahafat: Haqaiq, Riwayat aur Imkanaat /
_bby Shahnawaz Hashmi
260 _aNew Delhi
_bEducational Publishing House
_c2022 ء
270 _aH.o. D1/16, Ansari Road, Daryaganj
_bNew Delhi
_e110002
300 _a423 ص
_c22cm(Hb)
942 _2ddc
_cUR
_h070
_mہ ا ش